Scènes d'Astérix et Obélix Mission Cléopâtre dans le désordre - Statistiques

Statistiques générales
  • Ce quiz a été pris 348 fois
    19 depuis la dernière actualisation
  • Le résultat moyen est 4 sur 18
Statistiques - réponses
Hint Réponse % Correct
Partie 6 – Astérix et Obélix Mission Cléopâtre 32f31465b55d0c3ae2c242843cc30ec3bb12a241.jpg
62%
Partie 1 – Astérix et Obélix Mission Cléopâtre img_5_1230170211_b.jpg
62%
Partie 3 – Astérix et Obélix Mission Cléopâtre Asterix-Obelix-_-Mission-Cleopatre_00008.png
46%
Partie 2 – Astérix et Obélix Mission Cléopâtre AsterixFilm_2_CarrelageMagnifique.jpg
38%
Partie 18 – Astérix et Obélix Mission Cléopâtre asterix-et-obelix-mission-cleopatre-21-octobre.jpg
38%
Partie 4 – Astérix et Obélix Mission Cléopâtre 8e98a710f4c111eba22110ddb1aba44f.jpeg
31%
Partie 5 – Astérix et Obélix Mission Cléopâtre AsterixFilm_2_LaYauraLePalais.jpg
31%
Partie 16 – Astérix et Obélix Mission Cléopâtre 0e7616d6f71fa82f155c21146f86c20f-1636546581.png
23%
Partie 13 – Astérix et Obélix Mission Cléopâtre 4fa9f2231eb278ad2434ff3b9889b12366d89823.jpg
15%
Partie 12 – Astérix et Obélix Mission Cléopâtre AsterixFilm_2_CeTombeauSeraVotreTombeau.jpg
15%
Partie 10 – Astérix et Obélix Mission Cléopâtre asterix-et-obelix-mission-cleopatre-photo-edouard-baer-jamel-debbouze-1465904-630x352.jpg
15%
Partie 11 – Astérix et Obélix Mission Cléopâtre asterix-et-obelix-mission-nez-sphinx.jpg
15%
Partie 17 – Astérix et Obélix Mission Cléopâtre replique-drole-film-culte-asterix-obelix-mission-cleopatre.webp
8%
Partie 8 – Astérix et Obélix Mission Cléopâtre 74XTRKX6GRFHZADKCLC6R2R5UI.jpg
8%
Partie 14 – Astérix et Obélix Mission Cléopâtre images?q=tbn:ANd9GcSXwWgagjcppHw8wkAzBukfZ2dksdYKlYLQ-ghIu6DRImjpAs1qe6dCPnjTTLceqYtTM0A&usqp=CAU
8%
Partie 9 – Astérix et Obélix Mission Cléopâtre 2232419.jpg
8%
Partie 15 – Astérix et Obélix Mission Cléopâtre AsterixFilm_2_JeanClaudeDussePreparezNosTroupes.jpg
8%
Partie 7 – Astérix et Obélix Mission Cléopâtre capture-decran-2023-01-12-a-12-06-19.jpg
8%
Aucun quiz correspondant
Distribution des résultats
% des personnes avec chaque résultat
Percentile par nombre de réponses
Votre historique - résultats
Vous n’avez pas pris ce quiz depuis la dernière actualisation